[Event "Bundesliga 2324"]
[Site "Germany"]
[Date "2023.12.02"]
[Round "3.6"]
[White "Korobov, Anton"]
[Black "Kempinski, Robert"]
[Result "1-0"]
[WhiteElo "2658"]
[BlackElo "2554"]
[PlyCount "67"]
[EventDate "2023.10.21"]
[EventType "team-tourn"]
[EventRounds "15"]
[EventCountry "GER"]
[SourceTitle "CB49_2023"]
[SourceDate "2023.12.06"]
[SourceVersion "1"]
[SourceVersionDate "2023.12.06"]
[SourceQuality "1"]
[WhiteTeam "Viernheim"]
[BlackTeam "Hamburger SK"]
[WhiteTeamCountry "GER"]
[BlackTeamCountry "GER"]

1. e4 c5 2. Nf3 d6 3. d4 cxd4 4. Nxd4 Nf6 5. Nc3 a6 6. Be2 Nc6 7. 0-0 Bd7 8. Be3 e6 9. a4 Be7 10. f4 Nxd4 11. Qxd4 Bc6 12. b4 0-0 13. b5 Be8 14. e5 dxe5 15. fxe5 Nd7 16. Ne4 axb5 17. Bxb5 Qc7 18. Nd6 Rd8 19. Qc4 Qxc4 20. Nxc4 Nc5 21. Nd6 Bxd6 22. exd6 Ne4 23. Rfd1 Bxb5 24. axb5 Rd7 25. c4 f5 26. c5 Rc8 27. Ra7 Nc3 28. c6 Nxd1 29. cxd7 Rd8 30. Rxb7 Nxe3 31. Rc7 Kf7 32. b6 Nc4 33. Rxc4 Rxd7 34. b7 1-0

[Event "CZE-chT 2324"]
[Site "Czech Republic"]
[Date "2023.10.14"]
[Round "1.2"]
[White "Samunenkov, Igor"]
[Black "Kempinski, Robert"]
[Result "1/2-1/2"]
[WhiteElo "2531"]
[BlackElo "2554"]
[PlyCount "37"]
[EventDate "2023.10.14"]
[EventType "team-tourn"]
[EventRounds "11"]
[EventCountry "CZE"]
[SourceTitle "Mega2024 Update 01"]
[Source "Chessbase"]
[SourceDate "2023.11.12"]
[SourceVersion "1"]
[SourceVersionDate "2023.11.12"]
[SourceQuality "1"]
[WhiteTeam "Lysa nad Labem"]
[BlackTeam "Poruba Slavoj"]
[WhiteTeamCountry "CZE"]
[BlackTeamCountry "CZE"]

1. d4 Nf6 2. c4 e6 3. Nc3 Bb4 4. e3 d5 5. Nf3 0-0 6. Bd2 b6 7. cxd5 exd5 8. Rc1 c5 9. a3 Bxc3 10. Bxc3 c4 11. a4 a6 12. Be2 Re8 13. Ne5 Bb7 14. 0-0 Nc6 15. Bf3 b5 16. Ra1 Qd6 17. Nxc6 Bxc6 18. axb5 axb5 19. Qd2 1/2-1/2

[Event "POL-chT Ekstraliga"]
[Site "Lublin"]
[Date "2023.09.24"]
[Round "7.3"]
[White "Kempinski, Robert"]
[Black "Gumularz, Szymon"]
[Result "1-0"]
[WhiteElo "2550"]
[BlackElo "2587"]
[PlyCount "129"]
[EventDate "2023.09.18"]
[EventType "team-tourn"]
[EventRounds "9"]
[EventCountry "POL"]
[SourceTitle "EXT 2024"]
[Source "ChessBase"]
[SourceDate "2023.10.10"]
[SourceVersion "1"]
[SourceVersionDate "2023.10.10"]
[SourceQuality "1"]
[WhiteTeam "Legnica Miedz"]
[BlackTeam "Wroclaw Polonia"]
[WhiteTeamCountry "POL"]
[BlackTeamCountry "POL"]

1. c4 Nf6 2. Nf3 e6 3. e3 b6 4. b3 Bb7 5. Bb2 d5 6. cxd5 exd5 7. Nc3 Nbd7 8. Rc1 a6 9. Ne2 g6 10. Ng3 Bd6 11. Be2 0-0 12. 0-0 Re8 13. Rc2 Qe7 14. Qa1 Ne4 15. d3 Ng5 16. Rfc1 Nxf3+ 17. Bxf3 Ne5 18. Be2 f5 19. Nf1 Rf8 20. f4 Nf7 21. Bf3 Rfe8 22. b4 Rac8 23. a3 c5 24. bxc5 bxc5 25. Rb1 Ba8 26. Qa2 Qe6 27. Ba1 Bf8 28. Rcb2 Qd7 29. Rb6 Re6 30. Rb8 Ree8 31. Rxc8 Rxc8 32. Rb6 a5 33. Qb2 a4 34. h4 Rc6 35. Rb5 Re6 36. h5 Bc6 37. Rb8 d4 38. Bxc6 Rxc6 39. exd4 Qxd4+ 40. Qxd4 cxd4 41. Bxd4 gxh5 42. Ne3 Nh6 43. Nc4 Ng4 44. Ra8 Rc7 45. Kf1 h4 46. Bb6 Rc6 47. Rxa4 Bh6 48. Ra8+ Kf7 49. Ra7+ Kg6 50. Bc7 Re6 51. Be5 Nh2+ 52. Kf2 Ng4+ 53. Kf3 Re8 54. d4 Nh2+ 55. Ke3 Ng4+ 56. Kd3 Nf2+ 57. Ke2 Ne4 58. Ne3 Re6 59. d5 Rb6 60. d6 Nxd6 61. Nd5 Nb5 62. Ra5 Rb7 63. Ra6+ Kh5 64. Nf6+ Kg6 65. Ng8+ 1-0

[Event "POL-chT Ekstraliga"]
[Site "Lublin"]
[Date "2023.09.20"]
[Round "3.1"]
[White "Teclaf, Pawel"]
[Black "Kempinski, Robert"]
[Result "1/2-1/2"]
[WhiteElo "2586"]
[BlackElo "2550"]
[PlyCount "65"]
[EventDate "2023.09.18"]
[EventType "team-tourn"]
[EventRounds "9"]
[EventCountry "POL"]
[SourceTitle "EXT 2024"]
[Source "ChessBase"]
[SourceDate "2023.10.10"]
[SourceVersion "1"]
[SourceVersionDate "2023.10.10"]
[SourceQuality "1"]
[WhiteTeam "Bydgoszcz Energia Gwiazda"]
[BlackTeam "Legnica Miedz"]
[WhiteTeamCountry "POL"]
[BlackTeamCountry "POL"]

1. e4 c5 2. Nc3 d6 3. Nge2 Nf6 4. d4 cxd4 5. Nxd4 a6 6. Be3 e6 7. Be2 Nc6 8. f4 Bd7 9. Qd2 b5 10. a3 Rc8 11. Nxc6 Bxc6 12. Bf3 Be7 13. 0-0-0 Nd7 14. Kb1 0-0 15. Rhe1 a5 16. Bd4 b4 17. Na2 e5 18. fxe5 dxe5 19. Bf2 bxa3 20. b3 Qc7 21. Qc3 Rfd8 22. Bg4 Qb7 23. Bxd7 Rxd7 24. Rxd7 Qxd7 25. Qxe5 a4 26. b4 Bb5 27. Bc5 Bxc5 28. bxc5 Bc4 29. Ka1 Bxa2 30. Kxa2 Qd2 31. Rb1 Qxc2+ 32. Ka1 h6 33. Rb8 1/2-1/2

[Event "POL-chT Ekstraliga"]
[Site "Lublin"]
[Date "2023.09.18"]
[Round "1.2"]
[White "Samunenkov, Igor"]
[Black "Kempinski, Robert"]
[Result "0-1"]
[WhiteElo "2517"]
[BlackElo "2550"]
[PlyCount "104"]
[EventDate "2023.09.18"]
[EventType "team-tourn"]
[EventRounds "9"]
[EventCountry "POL"]
[SourceTitle "EXT 2024"]
[Source "ChessBase"]
[SourceDate "2023.10.10"]
[SourceVersion "1"]
[SourceVersionDate "2023.10.10"]
[SourceQuality "1"]
[WhiteTeam "Dabrowa Gornicza Zaglebie"]
[BlackTeam "Legnica Miedz"]
[WhiteTeamCountry "POL"]
[BlackTeamCountry "POL"]

1. e4 c5 2. Nf3 d6 3. d4 cxd4 4. Nxd4 Nf6 5. Nc3 a6 6. h3 e5 7. Nde2 h5 8. g3 Be7 9. Bg2 b5 10. Nd5 Nxd5 11. Qxd5 Ra7 12. Be3 Rb7 13. g4 Bg5 14. Bxg5 Qxg5 15. Ng3 Rb6 16. gxh5 Be6 17. Qd2 Qxd2+ 18. Kxd2 Nd7 19. Rae1 Nf6 20. Bf3 b4 21. Kc1 Ke7 22. Kb1 a5 23. h4 Rc6 24. Rhg1 Rhc8 25. Re2 a4 26. Rd1 a3 27. b3 Rc3 28. Rd3 Rxd3 29. cxd3 Rc3 30. Re3 Ng4 31. Bxg4 Bxg4 32. f3 Bd7 33. Ne2 Rc8 34. d4 Bb5 35. d5 g6 36. hxg6 fxg6 37. Ng3 Rh8 38. h5 gxh5 39. Nf5+ Kd7 40. Re1 h4 41. Kc2 h3 42. Kd2 Rg8 43. Nh4 Ke7 44. Nf5+ Kf6 45. Ne3 Rg3 46. Ng4+ Kg5 47. Ke3 Rg2 48. Nf2 h2 49. Rc1 Bd7 50. Rh1 Kh4 51. Nd3 Bb5 52. Nf2 Kg3 0-1

[Event "CZE-chT1E 2223"]
[Site "Czech Republic"]
[Date "2023.04.01"]
[Round "10.6"]
[White "Kempinski, Robert"]
[Black "Svanda, Ondrej"]
[Result "1/2-1/2"]
[WhiteElo "2541"]
[BlackElo "2341"]
[PlyCount "96"]
[EventDate "2022.10.08"]
[EventType "team-tourn"]
[EventRounds "11"]
[EventCountry "CZE"]
[SourceTitle "EXT 2024"]
[Source "ChessBase"]
[SourceDate "2023.10.10"]
[SourceVersion "1"]
[SourceVersionDate "2023.10.10"]
[SourceQuality "1"]
[WhiteTeam "Poruba Slavoj"]
[BlackTeam "Stare Mesto"]
[WhiteTeamCountry "CZE"]
[BlackTeamCountry "CZE"]

1. d4 Nf6 2. Nf3 e6 3. c4 d5 4. Nc3 Bb4 5. Qa4+ Nc6 6. e3 0-0 7. Bd2 dxc4 8. Bxc4 Bd6 9. Qc2 e5 10. dxe5 Nxe5 11. Nxe5 Bxe5 12. 0-0-0 Qe7 13. Kb1 Rd8 14. f3 h5 15. h3 a6 16. e4 c6 17. Bg5 Rxd1+ 18. Rxd1 Be6 19. Bxe6 Qxe6 20. Na4 Bd6 21. Nc5 Bxc5 22. Qxc5 Nh7 23. Bh4 Qg6 24. g3 Qe6 25. g4 hxg4 26. hxg4 Qh6 27. Bg3 Qf6 28. Rd3 Rd8 29. g5 Nxg5 30. Be5 Rxd3 31. Bxf6 gxf6 32. Qe7 Nxf3 33. Qxb7 Nd4 34. b4 Re3 35. Qc8+ Kg7 36. Qg4+ Kf8 37. Qh4 Rf3 38. Qh8+ Ke7 39. Qa8 Kd6 40. Qxa6 Ke5 41. Qc4 Kxe4 42. a4 f5 43. a5 f4 44. a6 Ra3 45. Kb2 Ra4 46. Kc3 Ra3+ 47. Kb2 Ra4 48. Kc3 Ra3+ 1/2-1/2

[Event "CZE-chT1E 2223"]
[Site "Czech Republic"]
[Date "2023.02.26"]
[Round "9.2"]
[White "Kempinski, Robert"]
[Black "Peyrer, Konstantin"]
[Result "1-0"]
[WhiteElo "2541"]
[BlackElo "2402"]
[PlyCount "57"]
[EventDate "2022.10.08"]
[EventType "team-tourn"]
[EventRounds "11"]
[EventCountry "CZE"]
[SourceTitle "CBM 213 Extra"]
[Source "ChessBase"]
[SourceDate "2023.05.31"]
[SourceVersion "1"]
[SourceVersionDate "2023.05.31"]
[SourceQuality "1"]
[WhiteTeam "Poruba Slavoj"]
[BlackTeam "Brno Duras"]
[WhiteTeamCountry "CZE"]
[BlackTeamCountry "CZE"]

1. d4 d5 2. c4 c6 3. e3 Nf6 4. Nf3 a6 5. Nbd2 Bf5 6. Nh4 Bc8 7. Qc2 g6 8. Bd3 Bg7 9. Nhf3 0-0 10. 0-0 a5 11. b3 Na6 12. a3 Bg4 13. h3 Bxf3 14. Nxf3 c5 15. Rd1 Rc8 16. Qe2 Qb6 17. Rb1 Rfd8 18. Qe1 dxc4 19. bxc4 Qc7 20. d5 Nd7 21. Bb2 Bxb2 22. Rxb2 b6 23. Qc3 Rb8 24. Bc2 Qd6 25. Ba4 Nc7 26. e4 f6 27. Rdb1 Ne5 28. Nxe5 fxe5 29. f4 1-0

[Event "Bundesliga 2223"]
[Site "Germany"]
[Date "2022.10.23"]
[Round "2.3"]
[White "Kempinski, Robert"]
[Black "Adams, Michael"]
[Result "1/2-1/2"]
[WhiteElo "2541"]
[BlackElo "2689"]
[PlyCount "51"]
[EventDate "2022.10.21"]
[EventType "team-tourn"]
[EventRounds "15"]
[EventCountry "GER"]
[SourceTitle "CBM 211"]
[Source "ChessBase"]
[SourceDate "2022.12.31"]
[SourceVersion "1"]
[SourceVersionDate "2022.12.31"]
[SourceQuality "1"]
[WhiteTeam "Hamburger SK"]
[BlackTeam "Baden-Baden"]
[WhiteTeamCountry "GER"]
[BlackTeamCountry "GER"]

1. d4 Nf6 2. c4 e6 3. Nf3 d5 4. Nc3 Nbd7 5. Bg5 h6 6. Bh4 Be7 7. e3 0-0 8. Be2 c5 9. cxd5 Nxd5 10. Bxe7 Nxe7 11. dxc5 Nxc5 12. b4 Qxd1+ 13. Rxd1 Na6 14. a3 Nc7 15. Bc4 Rb8 16. Ke2 b5 17. Bb3 a5 18. Ne5 axb4 19. axb4 Na6 20. Na2 Rb6 21. e4 Nb8 22. Ke3 Nec6 23. Nd3 Na6 24. Rd2 Rd8 25. Rc1 Kf8 26. f4 1/2-1/2

[Event "POL-chT Ekstraliga"]
[Site "Bydgoszcz"]
[Date "2022.09.09"]
[Round "7.4"]
[White "Kempinski, Robert"]
[Black "Brodowski, Piotr"]
[Result "1/2-1/2"]
[WhiteElo "2549"]
[BlackElo "2463"]
[PlyCount "94"]
[EventDate "2022.09.03"]
[EventType "team-tourn"]
[EventRounds "9"]
[EventCountry "POL"]
[SourceTitle "CBM 210 Extra"]
[Source "ChessBase"]
[SourceDate "2022.11.30"]
[SourceVersion "1"]
[SourceVersionDate "2022.11.30"]
[SourceQuality "1"]
[WhiteTeam "Legnica Miedz"]
[BlackTeam "Wisznia Mala Bialy Krol"]
[WhiteTeamCountry "POL"]
[BlackTeamCountry "POL"]

1. e4 c5 2. Nf3 d6 3. Bb5+ Nd7 4. Ba4 a6 5. c4 Ngf6 6. Nc3 g6 7. d3 Bg7 8. h3 0-0 9. Be3 b5 10. cxb5 d5 11. exd5 Nb6 12. Bxc5 Nfxd5 13. Nxd5 Nxd5 14. d4 Qa5+ 15. b4 Nxb4 16. 0-0 axb5 17. Bb3 Bb7 18. Bxe7 Rfe8 19. Bc5 Nd5 20. Re1 Rad8 21. Ne5 Bxe5 22. dxe5 Nf6 23. Qc1 Ne4 24. Qf4 Qc7 25. Rxe4 Bxe4 26. Bb6 Qxb6 27. Bxf7+ Kg7 28. Bxe8 Bf5 29. g4 Rxe8 30. gxf5 gxf5 31. Qxf5 Rf8 32. Qd7+ Kh8 33. Rf1 Qh6 34. Qd3 Rg8+ 35. Kh1 Qc6+ 36. f3 Qe6 37. f4 Qxa2 38. Qf3 b4 39. f5 Qb2 40. e6 Qe5 41. Rd1 Rf8 42. Rf1 b3 43. Qxb3 Rxf5 44. Rxf5 Qxf5 45. Qe3 Kg7 46. Kh2 Qc2+ 47. Kg3 Kf6 1/2-1/2

[Event "POL-chT Ekstraliga"]
[Site "Bydgoszcz"]
[Date "2022.09.07"]
[Round "5.3"]
[White "Kempinski, Robert"]
[Black "Tomczak, Jacek"]
[Result "1/2-1/2"]
[WhiteElo "2549"]
[BlackElo "2582"]
[PlyCount "25"]
[EventDate "2022.09.03"]
[EventType "team-tourn"]
[EventRounds "9"]
[EventCountry "POL"]
[SourceTitle "CBM 210 Extra"]
[Source "ChessBase"]
[SourceDate "2022.11.30"]
[SourceVersion "1"]
[SourceVersionDate "2022.11.30"]
[SourceQuality "1"]
[WhiteTeam "Legnica Miedz"]
[BlackTeam "Gliwice Akademia Szachowa"]
[WhiteTeamCountry "POL"]
[BlackTeamCountry "POL"]

1. d4 Nf6 2. Nf3 g6 3. c4 Bg7 4. g3 c6 5. Bg2 d5 6. cxd5 cxd5 7. 0-0 0-0 8. Nc3 Ne4 9. Ne5 Bf5 10. Bf4 Nxc3 11. bxc3 Nc6 12. Nxc6 bxc6 13. Qa4 1/2-1/2

[Event "POL-chT Ekstraliga"]
[Site "Bydgoszcz"]
[Date "2022.09.05"]
[Round "3.2"]
[White "Kempinski, Robert"]
[Black "Bartel, Mateusz"]
[Result "1/2-1/2"]
[WhiteElo "2549"]
[BlackElo "2617"]
[PlyCount "34"]
[EventDate "2022.09.03"]
[EventType "team-tourn"]
[EventRounds "9"]
[EventCountry "POL"]
[SourceTitle "CBM 210 Extra"]
[Source "ChessBase"]
[SourceDate "2022.11.30"]
[SourceVersion "1"]
[SourceVersionDate "2022.11.30"]
[SourceQuality "1"]
[WhiteTeam "Legnica Miedz"]
[BlackTeam "Wroclaw Polonia"]
[WhiteTeamCountry "POL"]
[BlackTeamCountry "POL"]

1. d4 Nf6 2. Nf3 e6 3. c4 c5 4. e3 d5 5. Nc3 a6 6. dxc5 Bxc5 7. a3 0-0 8. b4 Be7 9. cxd5 exd5 10. Be2 Be6 11. Bb2 Nbd7 12. 0-0 Rc8 13. Rc1 Nb6 14. Nd4 Nc4 15. Bxc4 Rxc4 16. Qe2 Bd6 17. Nxd5 Bxh2+ 1/2-1/2

[Event "POL-chT Ekstraliga"]
[Site "Bydgoszcz"]
[Date "2022.09.04"]
[Round "2.5"]
[White "Piorun, Kacper"]
[Black "Kempinski, Robert"]
[Result "1-0"]
[WhiteElo "2623"]
[BlackElo "2549"]
[PlyCount "41"]
[EventDate "2022.09.03"]
[EventType "team-tourn"]
[EventRounds "9"]
[EventCountry "POL"]
[SourceTitle "CBM 210 Extra"]
[Source "ChessBase"]
[SourceDate "2022.11.30"]
[SourceVersion "1"]
[SourceVersionDate "2022.11.30"]
[SourceQuality "1"]
[WhiteTeam "Gorzow Wielkopolski Stilon"]
[BlackTeam "Legnica Miedz"]
[WhiteTeamCountry "POL"]
[BlackTeamCountry "POL"]

1. e4 c5 2. Nc3 Nc6 3. Nge2 e6 4. d4 cxd4 5. Nxd4 a6 6. Bf4 d6 7. Nxc6 bxc6 8. Bd3 e5 9. Bc1 Be7 10. 0-0 Nf6 11. f4 Ng4 12. Qf3 exf4 13. Bxf4 0-0 14. Bc4 Qa5 15. Bb3 Rb8 16. Kh1 g6 17. Qg3 Ne5 18. Rad1 Kg7 19. Nd5 Rb7 20. Nxe7 Rxe7 21. Qh4 1-0

[Event "POL-chT Ekstraliga"]
[Site "Bydgoszcz"]
[Date "2022.09.03"]
[Round "1.1"]
[White "Keymer, Vincent"]
[Black "Kempinski, Robert"]
[Result "1-0"]
[WhiteElo "2693"]
[BlackElo "2549"]
[PlyCount "227"]
[EventDate "2022.09.03"]
[EventType "team-tourn"]
[EventRounds "9"]
[EventCountry "POL"]
[SourceTitle "CBM 210 Extra"]
[Source "ChessBase"]
[SourceDate "2022.11.30"]
[SourceVersion "1"]
[SourceVersionDate "2022.11.30"]
[SourceQuality "1"]
[WhiteTeam "Bydgoszcz Energia Gwiazda"]
[BlackTeam "Legnica Miedz"]
[WhiteTeamCountry "POL"]
[BlackTeamCountry "POL"]

1. c4 c6 2. Nf3 d5 3. e3 Nf6 4. Nc3 e6 5. d4 a6 6. h3 Nbd7 7. Qc2 dxc4 8. a4 b5 9. axb5 cxb5 10. Nxb5 Bb7 11. Nc3 Rc8 12. Be2 Bb4 13. 0-0 0-0 14. Bd2 Qe7 15. Rfd1 e5 16. d5 Bxc3 17. d6 Qxd6 18. Bxc3 Qc6 19. Qa4 Qe6 20. Bb4 Rfe8 21. Rd6 Qf5 22. Rc1 Nf8 23. Qd1 Bxf3 24. Bxf3 Ng6 25. g4 Qg5 26. Bc6 Rf8 27. Rxc4 h5 28. Qf3 hxg4 29. hxg4 Nh4 30. Qg3 Rfd8 31. b3 e4 32. Bb7 Nf3+ 33. Kg2 Rb8 34. Bxe4 Ne5 35. Rcd4 Nfxg4 36. Bf3 f5 37. Be2 Rxd6 38. Bxd6 Re8 39. Bxe5 Rxe5 40. Bxg4 fxg4 41. Rxg4 Qe7 42. Qf3 Rg5 43. Kf1 Rxg4 44. Qxg4 Qf6 45. Qc4+ Kh8 46. Qd4 Qf5 47. Qh4+ Kg8 48. Qc4+ Kh8 49. Ke2 a5 50. f3 Qh3 51. Qg4 Qh2+ 52. Kd3 Qd6+ 53. Qd4 Qg6+ 54. Qe4 Qd6+ 55. Kc3 Qa3 56. Qh4+ Kg8 57. Qc4+ Kh8 58. Kd4 Qd6+ 59. Qd5 Qb4+ 60. Kd3 Qe1 61. Ke4 Qh4+ 62. f4 Qe7+ 63. Kd3 Qa7 64. Qb5 Qc7 65. Qd5 Qa7 66. Qh1+ Kg8 67. Qc6 Qb8 68. Qd5+ Kh8 69. Kc2 Qb6 70. Qd4 Qc7+ 71. Kb2 Kh7 72. Ka3 Qc6 73. Qd2 Qb5 74. Qc3 Qe8 75. Qc5 Qe4 76. Kb2 g6 77. Qd4 Qg2+ 78. Ka3 Qc2 79. Qe5 Qd2 80. Qc5 Qe1 81. Ka4 Qd2 82. Ka3 Qe1 83. Qd4 Qb1 84. Qc3 Qe4 85. Qc7+ Kh6 86. Qc5 Kh7 87. Qa7+ Kh6 88. Qd4 Qe8 89. Qf6 Kh7 90. f5 gxf5 91. Qxf5+ Kh6 92. Qc5 Qe4 93. Qb6+ Kh7 94. Qd4 Qb1 95. Qd7+ Kg6 96. Qe6+ Kh5 97. Ka4 Qa2+ 98. Kb5 Qd2 99. Qe5+ Kh6 100. Qd4 Qc2 101. Kxa5 Kh7 102. b4 Qc7+ 103. Qb6 Qc3 104. Qa7+ Kg8 105. Qc5 Qa1+ 106. Kb6 Qf6+ 107. Kb5 Qa1 108. e4 Kh7 109. Qd6 Qf1+ 110. Ka5 Qf2 111. Qc7+ Kh8 112. e5 Qa2+ 113. Kb6 Qd5 114. Qb8+ 1-0

[Event "Rubinstein Memorial 58th"]
[Site "Polanica Zdroj"]
[Date "2022.08.20"]
[Round "8"]
[White "Kempinski, Robert"]
[Black "Tomczak, Jacek"]
[Result "1/2-1/2"]
[WhiteElo "2558"]
[BlackElo "2596"]
[PlyCount "75"]
[EventDate "2022.08.14"]
[EventType "tourn"]
[EventRounds "9"]
[EventCountry "POL"]
[EventCategory "13"]
[SourceTitle "CBM 209 Extra"]
[Source "ChessBase"]
[SourceDate "2022.09.30"]
[SourceVersion "1"]
[SourceVersionDate "2022.09.30"]
[SourceQuality "1"]

1. d4 Nf6 2. Nf3 g6 3. c4 Bg7 4. Nc3 d5 5. Bg5 Ne4 6. Bf4 Nxc3 7. bxc3 dxc4 8. e3 b5 9. a4 c6 10. Qb1 Bf5 11. e4 Bd7 12. Bxc4 bxc4 13. Qb7 Na6 14. Qxa6 c5 15. Qxc4 cxd4 16. cxd4 Rc8 17. Qb4 a5 18. Qd2 Bc6 19. Qe3 0-0 20. Bh6 f5 21. Bxg7 Kxg7 22. Ng5 Qd6 23. 0-0 Bxe4 24. Nxe4 fxe4 25. Qxe4 Rc4 26. Rfe1 Rxd4 27. Qxe7+ Qxe7 28. Rxe7+ Rf7 29. Re5 Rf5 30. Rxf5 gxf5 31. Kf1 Kf6 32. Ke2 h5 33. g3 h4 34. h3 Rb4 35. Ra3 Kg6 36. Kf3 Kg5 37. Kg2 Rc4 38. Kf3 1/2-1/2

[Event "Rubinstein Memorial 58th"]
[Site "Polanica Zdroj"]
[Date "2022.08.16"]
[Round "3"]
[White "Kempinski, Robert"]
[Black "Tazbir, Marcin"]
[Result "1/2-1/2"]
[WhiteElo "2558"]
[BlackElo "2511"]
[PlyCount "60"]
[EventDate "2022.08.14"]
[EventType "tourn"]
[EventRounds "9"]
[EventCountry "POL"]
[EventCategory "13"]
[SourceTitle "CBM 209 Extra"]
[Source "ChessBase"]
[SourceDate "2022.09.30"]
[SourceVersion "1"]
[SourceVersionDate "2022.09.30"]
[SourceQuality "1"]

1. c4 e5 2. Nc3 f5 3. g3 d6 4. Bg2 Nf6 5. d3 Be7 6. Nf3 0-0 7. 0-0 c6 8. Rb1 a5 9. a3 h6 10. b4 axb4 11. axb4 Be6 12. Bb2 Qe8 13. b5 Nbd7 14. e3 Nc5 15. bxc6 bxc6 16. d4 Ncd7 17. dxe5 Nxe5 18. c5 Nxf3+ 19. Bxf3 dxc5 20. Qc2 Nd5 21. Na4 c4 22. Qxc4 f4 23. Nc5 fxe3 24. fxe3 Bf7 25. e4 Nf4 26. Qd4 Bxc5 27. Qxc5 Nd3 28. Qc3 Nxb2 29. Rxb2 Be6 30. Rbf2 Qd7 1/2-1/2

[Event "Rubinstein Memorial 58th"]
[Site "Polanica Zdroj"]
[Date "2022.08.14"]
[Round "1"]
[White "Kempinski, Robert"]
[Black "Donchenko, Alexander"]
[Result "1/2-1/2"]
[WhiteElo "2558"]
[BlackElo "2630"]
[PlyCount "61"]
[EventDate "2022.08.14"]
[EventType "tourn"]
[EventRounds "9"]
[EventCountry "POL"]
[EventCategory "13"]
[SourceTitle "CBM 209 Extra"]
[Source "ChessBase"]
[SourceDate "2022.09.30"]
[SourceVersion "1"]
[SourceVersionDate "2022.09.30"]
[SourceQuality "1"]

1. d4 d5 2. Nf3 Nf6 3. c4 c6 4. e3 Bf5 5. Nc3 e6 6. Nh4 Be4 7. f3 Bg6 8. g3 Be7 9. Nxg6 hxg6 10. Bd2 dxc4 11. Bxc4 a5 12. Be2 b5 13. Qc2 Qb6 14. Rc1 Nbd7 15. 0-0 0-0 16. Rfd1 Rac8 17. Be1 e5 18. Bf2 exd4 19. exd4 Rfe8 20. f4 Qb7 21. Bf3 Nd5 22. Ne4 N7f6 23. Re1 Nb4 24. Nxf6+ Bxf6 25. Rxe8+ Rxe8 26. Qd2 Qa8 27. a3 Nd5 28. Qc2 Ne7 29. Qc5 Rd8 30. Rc2 Qb8 31. Kg2 1/2-1/2

[Event "Bundesliga 2122"]
[Site "Germany"]
[Date "2022.07.09"]
[Round "13.1"]
[White "Kempinski, Robert"]
[Black "Gavrilescu, David"]
[Result "1/2-1/2"]
[WhiteElo "2568"]
[BlackElo "2512"]
[PlyCount "47"]
[EventDate "2022.03.05"]
[EventType "team-tourn"]
[EventRounds "15"]
[EventCountry "GER"]
[SourceTitle "CBM 209 Extra"]
[Source "ChessBase"]
[SourceDate "2022.09.30"]
[SourceVersion "1"]
[SourceVersionDate "2022.09.30"]
[SourceQuality "1"]
[WhiteTeam "Hamburger SK"]
[BlackTeam "Kiel Turm"]
[WhiteTeamCountry "GER"]
[BlackTeamCountry "GER"]

1. d4 d5 2. c4 e6 3. Nf3 Nf6 4. Nc3 Bb4 5. Bg5 h6 6. Bxf6 Qxf6 7. e3 0-0 8. Rc1 dxc4 9. Bxc4 c5 10. 0-0 cxd4 11. Nxd4 Bd7 12. Qb3 Nc6 13. Nxc6 Bxc3 14. Qxb7 Bxc6 15. Qxc6 Bxb2 16. Rc2 Rac8 17. Qa4 Rc7 18. Bd3 Rxc2 19. Bxc2 Qe7 20. h4 Rc8 21. Qe4 Qc5 22. Rd1 g6 23. Bb3 Qc6 24. Qxc6 1/2-1/2

[Event "Bundesliga 1920"]
[Site "Germany"]
[Date "2021.10.13"]
[Round "13.3"]
[White "Kempinski, Robert"]
[Black "Glud, Jakob Vang"]
[Result "1-0"]
[WhiteElo "2576"]
[BlackElo "2550"]
[PlyCount "87"]
[EventDate "2019.11.23"]
[EventType "team-tourn"]
[EventRounds "15"]
[EventCountry "GER"]
[SourceTitle "EXT 2022"]
[Source "ChessBase"]
[SourceDate "2021.10.06"]
[SourceVersion "1"]
[SourceVersionDate "2021.10.06"]
[SourceQuality "1"]
[WhiteTeam "Hamburger SK"]
[BlackTeam "Kiel Turm"]
[WhiteTeamCountry "GER"]
[BlackTeamCountry "GER"]

1. d4 d5 2. Nf3 Nf6 3. c4 e6 4. Nc3 Be7 5. Bf4 0-0 6. e3 Nbd7 7. a3 Nh5 8. Be5 c6 9. Bd3 dxc4 10. Bxc4 c5 11. 0-0 a6 12. dxc5 Nxe5 13. Nxe5 Qxd1 14. Rfxd1 Bxc5 15. g4 Nf6 16. g5 Ne8 17. Ne4 Bb6 18. Rac1 Nc7 19. Nd6 Ba7 20. Bb3 Nd5 21. Bxd5 exd5 22. Nxc8 Raxc8 23. Rxc8 Rxc8 24. Rxd5 Bb8 25. Nd3 Kf8 26. Nc5 Ba7 27. Nxb7 Rc1+ 28. Kg2 Rc2 29. Nd6 g6 30. Kf3 Rxb2 31. Ra5 Bb8 32. Rxa6 Ke7 33. Ne4 Bxh2 34. Ra7+ Ke6 35. Nc5+ Kd5 36. Nd3 Rb3 37. Ke2 Kc4 38. Ra4+ Kb5 39. Rh4 Bd6 40. Rxh7 Kc4 41. Rh4+ Kc3 42. Rd4 Bxa3 43. Rd7 Rb5 44. Rc7+ 1-0

[Event "POL-chT Ekstraliga"]
[Site "Legnica"]
[Date "2021.10.08"]
[Round "7.1"]
[White "Kempinski, Robert"]
[Black "Bluebaum, Matthias"]
[Result "1/2-1/2"]
[WhiteElo "2565"]
[BlackElo "2640"]
[PlyCount "59"]
[EventDate "2021.10.02"]
[EventType "team-tourn"]
[EventRounds "9"]
[EventCountry "POL"]
[SourceTitle "CBM 204 Extra"]
[Source "ChessBase"]
[SourceDate "2021.11.30"]
[SourceVersion "1"]
[SourceVersionDate "2021.11.30"]
[SourceQuality "1"]
[WhiteTeam "Legnica Miedz"]
[BlackTeam "Gorzow Wielkopolski Stilon"]
[WhiteTeamCountry "POL"]
[BlackTeamCountry "POL"]

1. d4 d5 2. Nf3 Nf6 3. c4 c6 4. e3 Bf5 5. Nc3 e6 6. Nh4 Bg6 7. Nxg6 hxg6 8. Qb3 Qc7 9. g3 Nbd7 10. Bd2 Be7 11. Rc1 Nb6 12. c5 Nbd7 13. Bg2 e5 14. 0-0 e4 15. f3 exf3 16. Bxf3 Nf8 17. e4 Ne6 18. Nxd5 Qd7 19. Be3 Rd8 20. Nxf6+ Bxf6 21. e5 Nxd4 22. Bxd4 Qxd4+ 23. Kh1 Qd2 24. Bg2 Rd3 25. Qxb7 Rxh2+ 26. Kxh2 Qh6+ 27. Kg1 Qe3+ 28. Kh1 Qh6+ 29. Kg1 Qe3+ 30. Kh1 1/2-1/2

[Event "POL-chT Ekstraliga"]
[Site "Legnica"]
[Date "2021.10.06"]
[Round "5.1"]
[White "Kempinski, Robert"]
[Black "Mis, Mieszko"]
[Result "1-0"]
[WhiteElo "2565"]
[BlackElo "2347"]
[PlyCount "43"]
[EventDate "2021.10.02"]
[EventType "team-tourn"]
[EventRounds "9"]
[EventCountry "POL"]
[SourceTitle "CBM 204 Extra"]
[Source "ChessBase"]
[SourceDate "2021.11.30"]
[SourceVersion "1"]
[SourceVersionDate "2021.11.30"]
[SourceQuality "1"]
[WhiteTeam "Legnica Miedz"]
[BlackTeam "Czarna"]
[WhiteTeamCountry "POL"]
[BlackTeamCountry "POL"]

1. d4 d5 2. c4 c6 3. e3 Nf6 4. Nc3 e6 5. Nf3 a6 6. b3 c5 7. dxc5 Bxc5 8. cxd5 exd5 9. Bb2 Nc6 10. Be2 0-0 11. 0-0 Ba7 12. Rc1 Re8 13. Na4 Ne4 14. Nd4 Qd6 15. Nxc6 bxc6 16. Bd3 Qh6 17. Bd4 Bb8 18. f4 Ra7 19. Bxe4 Rxe4 20. Bxa7 Bxa7 21. Qxd5 Rxe3 22. Kh1 1-0